| 000 | 00786cam a22002411 4500 | ||
|---|---|---|---|
| 001 | g 01002500 | ||
| 003 | DLC | ||
| 005 | 20260227111258.0 | ||
| 008 | 801008s1889 gw 000 0 ger | ||
| 010 | _ag 01002500 | ||
| 035 | _a(OCoLC)6800407 | ||
| 040 |
_aDLC _cDGU _dDGU _dDLC |
||
| 042 | _apremarc | ||
| 050 | 0 | 0 |
_aPF4231.G6 _bC7 |
| 100 | 1 |
_aCordes, Werner, _d1863- |
|
| 245 | 1 | 4 |
_aDer zusammengesetzte Satz bei Nicolaus von Basel. _cVon Dr. Werner Cordes. |
| 260 |
_aLeipzig, _bG. Fock, _c1889. |
||
| 300 |
_axi, 236 p. _c23 cm. |
||
| 500 | _aPublished in part as the author's inaugural dissertation, Hamburg, 1888. | ||
| 630 | 0 | 0 | _aGottesfreund in Oberland. |
| 600 | 0 | 0 |
_aNikolaus von Basel, _dactive 14th century. |
| 650 | 0 |
_aGerman language _yMiddle High German, 1050-1500. |
|
| 999 |
_c23998 _d23998 |
||